|
|
|
|
| LEADER |
01325nam a2200301 u 4500 |
| 001 |
10106099 |
| 003 |
upatras |
| 005 |
20210117204237.0 |
| 008 |
010301s eng |
| 020 |
|
|
|a 3 540 61410 9
|
| 040 |
|
|
|a Βιβλιοθήκη ΕΑΙΤΥ
|c Βιβλιοθήκη ΕΑΙΤΥ
|
| 040 |
|
|
|a XX-XxUND
|c Βιβλιοθήκη ΕΑΙΤΥ
|
| 082 |
0 |
4 |
|a 005.759
|
| 245 |
1 |
0 |
|a Digital Libraries
|b Research and Technology Advances ADL' 95 Mc Lean, Virginia, USA, May 15-17, 1995 selected papers
|c Nabil R. Adam, Bharat K. Bhargava, Milton Halem, Yelena Yesha: Eds
|
| 260 |
|
|
|a Berlin
|b Springer
|c 1996
|
| 300 |
|
|
|a xiii, 290 p.: tab. fig
|
| 650 |
|
4 |
|a PROCEEDINGS
|9 24278
|
| 650 |
|
4 |
|a ΠΡΑΚΤΙΚΑ ΣΥΝΕΔΡΙΩΝ
|9 113060
|
| 650 |
|
4 |
|a DIGITAL LIBRARIES
|9 122754
|
| 650 |
|
4 |
|a LNCS
|9 113061
|
| 700 |
1 |
|
|a Adam, Nabil R.
|4 edt
|9 122605
|
| 700 |
1 |
|
|a Bhargava, Bharat
|4 edt
|9 120033
|
| 700 |
1 |
|
|a Halem, Milton
|4 edt
|9 125908
|
| 700 |
1 |
|
|a Yesha, Yelena
|4 edt
|9 71308
|
| 852 |
|
|
|a GR-PaULI
|b ΠΑΤΡΑ
|b ΤΜΗΥΠ
|h 005.759
|t 1
|
| 942 |
|
|
|2 ddc
|
| 952 |
|
|
|0 0
|1 0
|2 ddc
|4 0
|6 005_759000000000000_DIG
|7 0
|8 NFIC
|9 139542
|a LISP
|b LISP
|c ALFf
|d 2016-04-24
|l 0
|o 005.759 DIG
|p 025000282744
|r 2016-04-24 00:00:00
|t 1
|w 2016-04-24
|y BK15
|x Μεταφορά από Τμ. Μηχανικών ΗΥ & Πληροφορικής
|
| 999 |
|
|
|c 91260
|d 91260
|